000 00575nam a22001457a 4500
005 20120412113225.0
020 _a8185938161
_c00.00
035 _aA-782691
037 _aDPL
_bENG
245 _aPeople of India :
_bAndaman and Nicobar Islands /
_cedited by K.S. Singh
260 _aMadras
_bAnthropological Survey of India
_c1994
300 _a290p.
_c22 cms.
942 _2ddc
_cEN
_h301.095436
_mSIN
999 _c64899
_d64899